Kluby Śląskie, Ekstraklasa, I, II, III liga - Statystyki

Ogólne statystyki
  • Ten quiz został rozwiązany 30 razy
  • Średni wynik to 9 z 16
Statystyki odpowiedzi
Liga Klub % Poprawnych
Ekstraklasa Górnik Zabrze
96%
Ekstrsklasa GKS Katowice
93%
Ekstraklasa Piast Gliwice
93%
Ekstraklasa Raków Częstochowa
85%
I liga Ruch Chorzów
85%
I liga Polonia Bytom
78%
I liga GKS Tychy
70%
II liga Zagłębie Sosnowiec
63%
II liga GKS Jastrzębie
52%
II liga Podbeskidzie Bielsko-Biała
52%
III liga Skra Częstochowa
48%
III liga Górnik Zabrze II
44%
II liga Rekord Bielsko-Biała
33%
III liga LKS Goczałkowice-Zdrój
26%
III liga Pniówek Pawłowice
11%
III liga Sparta Katowice
11%
Nie znaleziono quizów pasujących do podanych kryteriów
Rozkład punktacji
Procent ludzi z każdym wynikiem
Percentyl według liczby udzielonych odpowiedzi
Twoja historia wyników
Nie rozwiązałeś tego quizu